LEADER 01160nam a2200301 u 4500 001 000000058603 003 CaOOAMICUS 005 20070226120717.0 008 010608s1995 it u000 u ita u 020 $a8815071067 035 $a10891892 040 $aPUL$bita 041 1 $aita$heng 100 1 $aKymlicka, Will.$0(OLS)http://pul/name/33202 240 10$aMulticultural citizenship.$lItaliano.$0(OLS)http://pul/title/78507 245 13$aLa cittadinanza multiculturale /$cPaolo Rossi. 260 $aBologna :$bIl Mulino,$cc1995. 300 $a373 p. ;$c22 cm 490 1 $aSaggi ;$v499 650 4$aMulticulturalismo.$0(OLS)http://pul/subject/23034 830 0$aSaggi (Il Mulino) ;$v499.$0(OLS)http://pul/title/7843 850 $aPUL 852 $aPUL$W1$xSL Religione 2$y84$mRH D3 46$j76543$nBK-PRI$b $qStampati altre collocazioni$B76543$CPULBib$Z2$F76543 $H $81 941 1 $a10 961 $aINV: 84815 996 $6020$a8815071067$9(OLS)http://pul/number/74322 996 $6245$aLa cittadinanza multiculturale$9(OLS)http://pul/title/78508 996 $6260$aBologna :$bIl Mulino$9(OLS)http://pul/publisher/47928 LEADER 01333nam a2200301 u 4500 001 000000074714 003 CaOOAMICUS 005 20070226123022.0 008 021216s2001 gw u000 u ger u 020 $a3525562071 035 $a10948786 040 $aPUL$bita 100 1 $aOberdorfer, Bernd.$0(OLS)http://pul/name/49552 245 10$aFilioque :$bGescichte und Theologie eines ökumenischen Problems /$cBernd Oberdorfer. 260 $aGöttingen :$bVandenhoeck & Ruprecht,$cc2001. 300 $a628 p. ;$c22 cm 490 1 $aForschungen zur systematischen und ökumenischen Theologie ;$vBd 96 500 $aContiene indice analitico. 504 $aBibliografia in nota. 630 04$aBiblia$xCritica e interpretazione.$0(OLS)http://pul/subject/2023 830 0$aForschungen zur systematischen und ökumenischen Theologie ;$vBd 96.$0(OLS)http://pul/title/97968 850 $aPUL 852 $aPUL$W1$xSL Religione 1$y3$m59 L 96$j96317$nBK-PRI$b $qStampati$B96317$CPULBib$Z2$F96317 $H $81 941 1 $a8 961 $aINV: 88156 996 $6020$a3525562071$9(OLS)http://pul/number/97105 996 $6245$aFilioque :$bGescichte und Theologie eines ökumenischen Problems$9(OLS)http://pul/title/98060 996 $6260$aGöttingen :$bVandenhoeck & Ruprecht$9(OLS)http://pul/publisher/47973